Pokémon - Les attaques de Piétacé - Statistiques

Statistiques générales
  • Ce quiz a été pris 12 fois
  • Le résultat moyen est 11 sur 15
Statistiques - réponses
Niveaux Types Noms des attaques % Correct
Niveau 19 Normal Bélier
100%
Niveau 53 Glace Blizzard
100%
Départ Normal Charge
100%
Niveau 12 Glace Éclats Glace
100%
Départ Glace Poudreuse
100%
Niveau 49 Normal Damoclès
86%
Niveau 36 Normal Plaquage
86%
Niveau 31 Vol Rebond
86%
Niveau 27 Glace Avalanche
71%
Niveau 6 Normal Rugissement
71%
Niveau 40 Psy Amnésie
57%
Niveau 44 Glace Cryo-Pirouette
57%
Niveau 15 Psy Repos
57%
Niveau 9 Normal Écho
29%
Niveau 25 Normal Gigotage
29%
Aucun quiz correspondant
Distribution des résultats
% des personnes avec chaque résultat
Percentile par nombre de réponses
Votre historique - résultats
Vous n’avez pas pris ce quiz